Normal view
MARC view
- Beck, Joe
Entry Personal Name
001 - CONTROL NUMBER
- control field: 44503
003 - CONTROL NUMBER IDENTIFIER
- control field: NUST
005 - DATE AND TIME OF LATEST TRANSACTION
- control field: 20210314133005.0
008 - FIXED-LENGTH DATA ELEMENTS
- fixed length control field: 210314|| aca||aabn | a|a d
040 ## - CATALOGING SOURCE
- Original cataloging agency: NUST
- Transcribing agency: NUST
100 ## - HEADING--PERSONAL NAME
- Personal name: Beck, Joe
670 ## - SOURCE DATA FOUND
- Source citation: Work cat.: (NUST): Beck, Joe,, The ultimate home and property maintenance manual /, 2005.
